| 000 | 00695nam a2200229Ia 4500 | ||
|---|---|---|---|
| 001 | 15908 | ||
| 003 | GE_BSU | ||
| 008 | 181216s||||||||xx |||||||||||||| ||und|| | ||
| 040 | _cGE_BSU | ||
| 080 | _a821.353.1-1 | ||
| 100 | _aხალვაში, ფრიდონ | ||
| 245 | _aდაუვიწყარი | ||
| 245 | _bლექსები | ||
| 245 | _cრედ.ც.ქაროსანიძე. მხატვ.ა.თოდრია | ||
| 260 | _aთბილისი | ||
| 260 | _bმერანი | ||
| 260 | _c1984 | ||
| 300 | _a119გვ. : პორტრ. ; 15სმ | ||
| 653 | _aდაუვიწყარი | ||
| 653 | _aლექსები | ||
| 942 | _cBK | ||
| 999 |
_c49003 _d49003 |
||